The Finance (1909-1910) Act 1910. Part 1. Further aids to Part 1 of the Finance (1909-1910) Act 1910, more particularlywith reference to site value deductions, prepared by the Parliamentary Committee of the Land Agents' Society. (Record no. 99815)

MARC details
000 -LEADER
fixed length control field 00572cam a22001575a 4500
001 - CONTROL NUMBER
control field J100766
008 - FIXED-LENGTH DATA ELEMENTS--GENERAL INFORMATION
fixed length control field 000000s1912 xxk 000 0 eng u
035 ## - SYSTEM CONTROL NUMBER
System control number (Sirsi) u100766
110 ## - MAIN ENTRY--CORPORATE NAME
Corporate name or jurisdiction name as entry element Land Agents' Society
245 #4 - TITLE STATEMENT
Title The Finance (1909-1910) Act 1910. Part 1. Further aids to Part 1 of the Finance (1909-1910) Act 1910, more particularlywith reference to site value deductions, prepared by the Parliamentary Committee of the Land Agents' Society.
260 ## - PUBLICATION, DISTRIBUTION, ETC.
Date of publication, distribution, etc. 1912
300 ## - PHYSICAL DESCRIPTION
Extent 33p.
651 #4 - SUBJECT ADDED ENTRY--GEOGRAPHIC NAME
Geographic name United Kingdom
Chronological subdivision
690 ## - LOCAL SUBJECT ADDED ENTRY--TOPICAL TERM (OCLC, RLIN)
Topical term or geographic name as entry element Finance and taxation
942 ## - ADDED ENTRY ELEMENTS (KOHA)
Suppress in OPAC 0
Holdings
Withdrawn status Lost status Source of classification or shelving scheme Damaged status Not for loan Home library Current library Shelving location Date acquired Total Checkouts Full call number Barcode Date last seen Copy number Price effective from Koha item type
    Dewey Decimal Classification     Historic collection Historic collection RICS Boxes 22/10/1999   RICS 1912 30059648 06/08/2019 1 06/08/2019 Archive